000
00240nam a22000857a 4500
001
1258907
005
20260402104551.0
245
0
0
_a
DİVAN ŞİİRİNDEN SEÇMELER
_c
100 TEMEL ESER
260
1
_b
KONYA BÜYÜKŞEHİR BELEDİYESİ KÜLTÜR YAYINLARI
999
_c
1258907
_d
1258907